Mathematical modeling

This text provides an introduction to the entire modeling process. Throughout the book, students practice key facets of modeling, including creative and empirical model construction, model analysis, and model research. The authors apply a proven six-step problem solving process to enhance a student&...

Full description

Saved in:
Bibliographic Details
Main Author: Giordano, Frank R.
Format: Book
Language:Undetermined
Published: Australia Thomson 2003
Subjects:
Tags: Add Tag
No Tags, Be the first to tag this record!
Institutions: Trung tâm Học liệu Trường Đại học Cần Thơ
LEADER 01312nam a2200217Ia 4500
001 CTU_100670
008 210402s9999 xx 000 0 und d
020 |c 1716000 
082 |a 511.8 
082 |b G497 
100 |a Giordano, Frank R. 
245 0 |a Mathematical modeling 
245 0 |c Frank R. Giordano, Maurice D. Weir, William P. Fox 
260 |a Australia 
260 |b Thomson 
260 |c 2003 
520 |a This text provides an introduction to the entire modeling process. Throughout the book, students practice key facets of modeling, including creative and empirical model construction, model analysis, and model research. The authors apply a proven six-step problem solving process to enhance a student's problem solving capabilities. Rather than simply emphasizing the calculation step, the authors first ensure that students learn how to identify problems, construct or select models, and figure out what data needs to be collected. By involving students in the mathematical process as early as possible, beginning with short projects, the book facilitates their progressive development and confidence in mathematics and modeling. 
650 |a Mathematical models 
904 |i Truc 
910 |a Sách kèm đĩa AV.001543 
980 |a Trung tâm Học liệu Trường Đại học Cần Thơ